Argentina, Presidents of - Statistics

General Stats
  • This quiz has been taken 56 times
    22 since last reset
  • The average score is 39 of 58
Answer Stats
Term Party President % Correct
2019-2023 PJ Alberto Fernández
88%
2007-2015 PJ Cristina Fernández de Kirchner
88%
1916-1922 UCR Hipolito Yrigoyen
88%
1928-1930 UCR Hipolito Yrigoyen
88%
2023-Incumbent PJ Javier Milei
88%
1946-1952 Labour Juan Peron
88%
1952-1955 Peronist Juan Peron
88%
1973-1974 PJ Juan Peron
88%
2003-2007 PJ Néstor Kirchner
88%
1989-1999 PJ Carlos Menem
82%
1868-1874 Independent Domingo Faustino Sarmiento
82%
1999-2001 UCR Fernando de la Rúa
82%
1976-1981 Military Jorge Rafael Videla
82%
1880-1886 PAN Julio Argentino Roca
82%
1898-1904 PAN Julio Argentino Roca
82%
2015-2019 PRO Mauricio Macri
82%
1983-1989 UCR Raúl Alfonsín
82%
1981 Military Roberto Eduardo Viola
82%
1963-1966 UCRP Arturo Umberto Illia
76%
2002-2003 PJ Eduardo Duhalde
76%
1895-1898 PAN Jose Evaristo Uriburu
76%
1930-1932 Military Jose Felix Uriburu
76%
1981-1982 Military Leopoldo Galtieri
76%
2001 PJ Adolfo Rodríguez Saá
71%
1958-1962 UCRI Aruto Frondizi
71%
1861-1868 Liberal Bartolomé Mitre
71%
1890-1982 PAN Carlos Pellegrini
71%
1974-1976 PJ Isabel Martínez
71%
1962-1963 UCRI Jose Maria Guido
71%
1966-1970 Military Juan Carlos Ongania
71%
1922-1928 UCR Marcelo Torcuato de Alvear
71%
1955-1958 Military Pedro Eugenio Aramburu
71%
1982-1983 Military Reynaldo Bignone
71%
1971-1973 Military Alejandro Agustin Lanusse
65%
1930 UCR Enrique Martinez
65%
1973 PJ Hector Jose Campora
65%
1892-1895 PAN Luis Saenz Peña
65%
1874-1880 PAN Nicolas Avellaneda
65%
1942-1943 PDN Ramon Castillo
65%
2001 PJ Ramón Puerta
65%
1944-1946 Military Edelmiro Julian Farrell
59%
1943-1944 Military Pedro Pablo Ramirez
59%
1970-1971 Military Roberto Marcelo Levingston
59%
2001-2002 PJ Eduardo Camaño
53%
1906-1910 PAN Jose Figueroa Alcorta
53%
1904-1906 PAN Manuel Quintana
53%
1938-1942 UCR-A Roberto Marcelino Ortiz
53%
1914-1916 PAN Victorino de la Plaza
53%
1932-1938 UCR Agustin Pedro Justo
47%
1886-1890 PAN Miguel Angel Juarez Celman
47%
1973 PJ Raul Alberto Lastiri
47%
1943 Military Arturo Rawson
41%
1955 Military Eduardo Lonardi
41%
2015 PRO Federico Pinedo
41%
1982 Military Alfredo Oscar Saint Jean
35%
1981 Military Carlos Lacoste
29%
1981 Military Horacio Tomás Liendo
12%
1910-1914 PAN Modernist Roque Sanez Pena
12%
No matching quizzes found
Score Distribution
Percent of People with Each Score
Percentile by Number Answered
Your Score History
You have not taken this quiz since the last reset